Improving Domestic Financial Support Mechanisms in Moldova's Water and Sanitation Sector

Salvato in:
Dettagli Bibliografici
Natura: Libro
Lingua:inglese
Pubblicazione: Paris OECD 2017
Serie:OECD Studies on Water
Soggetti:
Tags: Aggiungi Tag
Nessun Tag, puoi essere il primo ad aggiungerne!!

MARC

LEADER 00000nam a2200000 4500
001 0241050
005 20240314123028.0
020 |a 978-92-64-25219-6 
041 0 |a eng 
044 |a FR 
245 1 0 |a Improving Domestic Financial Support Mechanisms in Moldova's Water and Sanitation Sector 
264 1 |a Paris  |b OECD  |c 2017 
300 |a 135 s. 
490 1 |a OECD Studies on Water 
830 0 |a OECD Studies on Water 
610 2 0 |a voda 
610 2 0 |a kvalita vody 
610 2 0 |a ochrana prostredia životného 
610 2 0 |a správa verejná 
610 2 0 |a náklady 
610 2 0 |a Moldavsko